Socio-political crisis in the Niger Delta “It includes bibliographic references and index”

Saved in:
Bibliographic Details
Main Author: MORO, Alexander Iebiminih
Format: Book
Language:English
Published: Spectrum Books 2009
Tags: Add Tag
No Tags, Be the first to tag this record!

MARC

LEADER 00000nam a22000007a 4500
008 210122b ||||| |||| 00| 0 eng d
020 |a : 978-978-029-849-4 
100 |a MORO, Alexander Iebiminih 
245 |a Socio-political crisis in the Niger Delta  |b “It includes bibliographic references and index”  |c Alexander Iebiminih Moro. 
260 |b Spectrum Books  |c 2009  |h Ibadan:  |i 691842  |l DT515.9 .N446M82  |m Niger River Delta (Nigeria) – Politics and government  |m Niger River Delta (Nigeria) – Social conditions – 1960  |m Niger River Delta (Nigeria) –Economic conditions – 1960  |m Niger River Delta (Nigeria) – Economic policy.  |m Niger River Delta (Nigeria) – History 
942 |a lcc  |c BK  |e Mr ogunleye 
952 |0 0  |1 0  |2 lcc  |4 0  |6 DT05159 N446 M82  |7 0  |9 1557  |a HOL  |b HOL  |d 2021-01-22  |l 0  |o DT515.9 .N446M82  |p 2021-0345  |r 2021-01-22 00:00:00  |w 2021-01-22  |y BK 
999 |c 820  |d 820